00646nam a22001217a 4500040001500000082001400015100003500029245011700064260003700181300001200218505028000230650001400510 cMCS (NUST) a005.8,SHO aShoaib Mirza, Natasha Arjumand aZero - Day Attack Detection Using Security Information & Event Managment (SIEM) /cNatasha Arjumand Shoaib Mirza aRawalpindibMCS (NUST)cApr 2013 axi81 p, aIntroduction (Page-10, Literature Review (Page-50, Security Information and Event Managment (SIEM), Zero Day Attack; Advance Persistent Threat (Page-26), zero Day Attack Detection Through SIEM (Page-41), Analysis and Discussion (Page-58)Conclusion and Future Work (Page-68).  aPG Thesis